000 00312 a2200133 4500
000 nam a22 7a 4500
100 _aBhalla, Alok
110 _aBhalla, Alok
245 _aMahabharata(4 vol set)
250 _aLatest edition
260 _bNiyogi Books
_c2023
264 _bNiyogi Books
_c2023
942 _cBK
999 _c395861
_d395861